000 00726nam a22001817a 4500
005 20251108165008.0
008 250721s1999 xx 000 0 ara d
082 1 4 _a658.4034/محم
100 1 _aالصفدي، محمد سالم
245 1 0 _aبحوث العمليات :
_bتطبيق و خوارا زمات يغطي منهاج مقرارات الأساليب و بحوث العمليات للمرحلة الجامعية الأولى لكليات الإقتصاد و الإدارة /
264 1 _aعمان :
_bدار وائل،
_c1999.
300 _a470ص
650 1 7 _aبحوث العمليات
650 1 7 _aإتخاذ القرارات
650 1 7 _aتقنيات الإدارة
942 _2ddc
_cBK
999 _c19378
_d19378